000 00502nam a2200181Ia 4500
005 20250326125503.0
008 250326s9999 xx 000 0 und d
037 _aTextbook
040 _aFMSL
_beng
_cFMSL
041 _aeng
_2eng
084 _aB2893P L2
_qFMSL
100 _aLinear Mathematics
245 0 _aLinear programming
_cLinear Mathematics
260 _aGreat
_bGreat, Britain Open University
_c1972
300 _a49p
942 _cTB
_hB2893P L2
999 _c1278283
_d1278283